000 02092nam a22002177a 4500
999 _c62188
_d62188
003 Ge_BSU
005 20240730134651.0
008 240730s2023 ge ||||| |||| 00| 0 geo d
020 _a9789941313608 X
041 _ageo
080 _a81'374(038) ჩ-43
245 _aჩემი ჩინური ენის პატარა ილუსტრირებული ლექსიკონი /
_c შემდგ. იუემეი უ ; ქართული თარგმან. ელისო ელისაშვილი.
264 _aთბილისი :
_bინტელექტი,
_c2023.
300 _a184 გვ.:
_bფერად.ფოტ.ილუსტ.
_c22 სმ.
653 _aწიგნი ძირითადად გამიზნულია დაწყებითი და საშუალო სკოლის მოსწავლეთათვის.მოიცავს დაწყებითი და საშუალო სკოლისთვის შესაფერის 1400 ფართოდ გავრცელებულ სიტყვას და სიტყვათშეთანხმებას,დახვეწილი ილუსტრაციები 70 რეალურ სიტუაციას ასახავს და სიტყვების შესასწავლად შესაფერის კონტექსტს წარმოადგენს.ორენოვანი პარალელური ტექსტი და ჩინურ-ქართული საძიებელი მოსახერხებელს ხდის სწავლას და ინფორმაციის ძიებას.
653 _a ჩინური ენის ლექსიკონი
700 _a იუემეი, უ
_eშემდგენელი
_923008
700 _a ელისაშვილი, ელისო
_eმთარგმნელი
_923009
773 _tნაჩუქარი
942 _2udc
_cBK